[Event "Titled Tue 17th Jun Early"]
[Site "chess.com INT"]
[Date "2025.06.17"]
[Round "1"]
[White "Srihari, L R"]
[Black "Ozen, Batuhan"]
[Result "0-1"]
[WhiteTitle "IM"]
[BlackTitle "CM"]
[WhiteElo "2480"]
[BlackElo "2128"]
[WhiteFideId "46617116"]
[BlackFideId "6345123"]
[EventDate "2025.06.17"]

1. e4 c5 2. Nf3 Nc6 3. Bc4 g6 4. c3 Bg7 5. d4 cxd4 6. cxd4 Nf6 7. e5 Ne4 8. O-O
d5 9. Bd3 O-O 10. Nc3 Nxc3 11. bxc3 Bg4 12. h3 Bxf3 13. Qxf3 Rc8 14. Rb1 b6 15.
Ba6 Rc7 16. Rd1 Na5 17. Rb5 e6 18. Ba3 Re8 19. Bd6 Rc6 20. Rb4 Rxd6 21. exd6
Qxd6 22. a3 Bf8 23. a4 Re7 24. Rbb1 Rc7 25. Bb5 Qa3 26. Rd3 Nc4 27. Re1 Nb2 28.
Rde3 Nxa4 29. c4 Qb4 30. Bxa4 Qxa4 31. cxd5 Qxd4 32. dxe6 fxe6 33. Rxe6 Rf7 34.
Qg3 Bc5 35. R1e2 a5 36. h4 Qd5 37. Kh1 Kg7 38. Qc3+ Qd4 39. Qg3 Qd1+ 40. Kh2 Qd5
41. R2e5 Qd4 42. f3 Qf4 43. Qxf4 Rxf4 44. h5 Rh4+ 45. Kg3 Rd4 46. Rc6 a4 47.
hxg6 hxg6 48. Ree6 a3 49. Rxg6+ Kf7 50. Rcf6+ Ke7 51. Rc6 a2 52. Rg7+ Kd8 53.
Ra7 Rd2 54. Rg6 Bd6+ 55. Rxd6+ Rxd6 56. Rxa2 b5 57. Rb2 Rb6 58. Kh4 Ke7 59. g4
b4 60. Rb3 Kf6 61. f4 Kg6 62. Kg3 Kf6 63. Kf3 Ke6 64. g5 Kf5 65. Re3 Rb5 66. Re7
b3 67. Rf7+ Kg6 68. Rf6+ Kg7 0-1

[Event "Titled Tue 17th Jun Early"]
[Site "chess.com INT"]
[Date "2025.06.17"]
[Round "1"]
[White "Sahib, Singh"]
[Black "Krzesaj, Robert"]
[Result "0-1"]
[WhiteTitle "FM"]
[BlackTitle "FM"]
[WhiteElo "2407"]
[BlackElo "2391"]
[WhiteFideId "25618342"]
[BlackFideId "1123521"]
[EventDate "2025.06.17"]

1. e4 c6 2. Nc3 d5 3. Nf3 Bg4 4. Be2 Nf6 5. e5 Nfd7 6. d4 e6 7. Nd2 Bxe2 8. Nxe2
c5 9. c3 Nc6 10. O-O cxd4 11. cxd4 Be7 12. a3 Rc8 13. b4 a5 14. b5 Ncb8 15. a4
Nb6 16. Bb2 N8d7 17. Rc1 Rxc1 18. Nxc1 Nc4 19. Nxc4 dxc4 20. d5 exd5 21. Qxd5
Nb6 22. Qxb7 Nxa4 23. Qc6+ Qd7 24. Bd4 Qxc6 25. bxc6 O-O 26. Ne2 Rc8 27. Ra1 Nc5
28. Rxa5 Rxc6 29. Ra8+ Bf8 30. Nc3 Ne6 31. Be3 h6 32. f4 g6 33. g4 f5 34. exf6
Kf7 35. g5 hxg5 36. fxg5 Bc5 37. Bxc5 Rxc5 38. Ne4 Rd5 39. Ra7+ Kf8 40. h4 Nc5
41. Ra8+ Kf7 42. Ra7+ Kf8 43. Nc3 Rd3 44. Nb5 c3 45. Rc7 c2 46. Rxc5 Rd1+ 47.
Kg2 c1=Q 48. Rxc1 Rxc1 49. Nd4 Rc4 50. Nf3 Rg4+ 51. Kh3 Re4 52. Kg3 Kf7 53. Nh2
Ke6 54. Ng4 Ra4 55. Ne3 Ra3 56. Kf3 Ra4 57. Ng2 Ra3+ 58. Kg4 Ra4+ 59. Nf4+ Ke5
60. h5 Rxf4+ 61. Kg3 gxh5 62. Kh3 Rf1 63. Kh4 Kf5 64. f7 Kg6 65. f8=N+ Rxf8 66.
Kg3 Kxg5 67. Kh3 Ra8 68. Kh2 Ra3 69. Kh1 Kg4 70. Kh2 Ra2+ 71. Kh1 Kg3 72. Kg1
Ra1# 0-1

[Event "Titled Tue 17th Jun Early"]
[Site "chess.com INT"]
[Date "2025.06.17"]
[Round "1"]
[White "Mordechai, Hanan"]
[Black "Donchenko, Alexander"]
[Result "1/2-1/2"]
[WhiteTitle "FM"]
[BlackTitle "GM"]
[WhiteElo "2311"]
[BlackElo "2613"]
[WhiteFideId "2804166"]
[BlackFideId "24603295"]
[EventDate "2025.06.17"]

1. Nf3 Nf6 2. c4 e6 3. Nc3 d5 4. d4 Bb4 5. cxd5 exd5 6. Bg5 h6 7. Bh4 O-O 8. e3
Bf5 9. Bd3 Bxd3 10. Qxd3 c6 11. O-O Nbd7 12. a3 Bd6 13. b4 a6 14. Rfc1 Re8 15.
Na4 Qc7 16. Nc5 Ne4 17. a4 b6 18. Nxd7 Qxd7 19. Rc2 a5 20. b5 c5 21. dxc5 bxc5
22. Rd1 g5 23. Bg3 Bxg3 24. hxg3 Rad8 25. Nd2 c4 26. Qd4 Qe7 27. Nb1 Qb4 28. Nc3
Nxc3 29. Qxc3 Qxa4 30. Rb1 Rb8 31. Rcb2 Rb6 32. Qd2 Reb8 33. Ra2 c3 34. Qxd5 c2
35. Rc1 Qxb5 36. Qxb5 Rxb5 37. Raxc2 Kg7 38. Ra1 Ra8 39. Ra4 Rb4 40. Rca2 Rxa4
41. Rxa4 Kf6 42. Kf1 Ke5 43. Ke2 Kd5 44. Kd3 Kc5 45. Kc3 Kb5 46. Kb3 Rd8 47. Ra2
Rd3+ 48. Kc2 Rd5 49. Rb2+ Kc6 50. Rb8 Rd7 51. Rh8 Rd6 52. Rf8 Rf6 53. f3 a4 54.
Kc3 Kb5 55. Rb8+ Rb6 56. Rxb6+ Kxb6 57. Kb4 f5 58. Kxa4 Kc5 59. Kb3 h5 60. Kc3
Kd5 61. Kd3 Ke5 62. Kc4 g4 63. Kd3 Kd5 64. e4+ Ke6 65. exf5+ Kxf5 66. f4 h4 67.
gxh4 Kxf4 68. Ke2 g3 69. h5 Kg5 70. Kf3 Kxh5 71. Kf4 Kh4 72. Kf3 Kh5 73. Kxg3
Kg5 74. Kf3 Kf5 75. g4+ Kg5 76. Ke3 Kxg4 1/2-1/2

[Event "Titled Tue 17th Jun Early"]
[Site "chess.com INT"]
[Date "2025.06.17"]
[Round "1"]
[White "Parfenov, Viktor N."]
[Black "Sanal, Vahap"]
[Result "0-1"]
[WhiteTitle "CM"]
[BlackTitle "GM"]
[WhiteElo "2193"]
[BlackElo "2564"]
[WhiteFideId "4165969"]
[BlackFideId "6300545"]
[EventDate "2025.06.17"]

1. d4 d5 2. c4 c6 3. Nf3 Nf6 4. Qc2 e6 5. g3 Be7 6. Bg2 O-O 7. O-O a5 8. Nc3
dxc4 9. Rd1 b5 10. Ne5 Nd5 11. a3 Bb7 12. e4 Nxc3 13. bxc3 Nd7 14. Ng4 Qb6 15.
h4 Rfd8 16. Bg5 Re8 17. Bxe7 Rxe7 18. h5 h6 19. Kh2 Rd8 20. f4 Ree8 21. f5 exf5
22. exf5 Qc7 23. Re1 Qd6 24. Rad1 Bc8 25. Ne5 Bb7 26. a4 Qc7 27. Nxd7 Qxd7 28.
f6 gxf6 29. Rf1 Kg7 30. Rf5 Re3 31. Rdf1 Re6 32. Qf2 Qe7 33. axb5 Re2 34. Qf3
cxb5 35. Qg4+ Kf8 36. R1f2 Rxf2 37. Rxf2 Bxg2 38. Kxg2 b4 39. Qf4 Kg7 40. Qg4+
Kh8 41. Qf4 Kg7 42. Qg4+ Kf8 43. Qf4 Rd6 44. Qxh6+ Ke8 45. cxb4 axb4 46. Ra2
Qe4+ 47. Kh2 Kd7 48. Qf8 Qd5 49. Ra7+ Ke6 50. Qc8+ Rd7 51. Rxd7 Qxd7 52. Qxc4+
Qd5 53. Qxb4 Qxh5+ 54. Kg2 Qe2+ 55. Kg1 Qe1+ 56. Kg2 Qe2+ 57. Kg1 Kf5 58. Qc5+
Kg4 59. Qd5 Kxg3 60. Qd6+ Kh3 61. Qd7+ Kh4 62. Qd5 Qe3+ 63. Kg2 Qg3+ 64. Kf1
Qf4+ 65. Kg2 Qg4+ 66. Kf1 Qe6 67. Qf3 Kg5 68. d5 Qe5 69. Kf2 Qb2+ 70. Kg3 Qe5+
71. Kf2 f5 72. Qe3+ Kf6 73. Qh6+ Ke7 74. Qd2 Kd6 75. Kf3 Qxd5+ 76. Qxd5+ Kxd5
77. Kf4 Ke6 78. Kg5 Ke5 79. Kh4 Ke4 80. Kg3 Ke3 0-1

[Event "Titled Tue 17th Jun Early"]
[Site "chess.com INT"]
[Date "2025.06.17"]
[Round "1"]
[White "Khazhatuly, Alikhan"]
[Black "Lopez Del Alamo, Antonio"]
[Result "1-0"]
[WhiteTitle "CM"]
[BlackTitle "FM"]
[WhiteElo "2173"]
[BlackElo "2166"]
[WhiteFideId "13731335"]
[BlackFideId "2227339"]
[EventDate "2025.06.17"]

1. e4 c5 2. Nf3 e6 3. d4 cxd4 4. Nxd4 Nf6 5. Nc3 Nc6 6. Nxc6 bxc6 7. Bd3 d5 8.
O-O g6 9. Re1 Bg7 10. Bf4 O-O 11. Qe2 Qa5 12. a3 Nd7 13. Bd2 Qc7 14. Rad1 Ne5
15. Bf4 f6 16. b4 a5 17. exd5 cxd5 18. Nb5 Qd7 19. c4 Nxd3 20. Qxd3 Ba6 21. Nc7
Ra7 22. b5 Rxc7 23. Bxc7 Bb7 24. Bg3 Qc8 25. cxd5 Bxd5 26. Rc1 Qa8 27. f3 Rc8
28. b6 Bh6 29. Rxc8+ Qxc8 30. Bc7 Qb7 31. Qc3 Bg7 32. Qxa5 f5 33. Qb4 Bf8 34.
Qc3 Bg7 35. Qc5 h5 36. a4 h4 37. h3 Bf8 38. Qd4 Bg7 39. Be5 Bf8 40. Rc1 Qa6 41.
Rc2 Bb3 42. Rc7 Qe2 43. Kh2 Bd5 44. b7 Bxf3 45. Qg1 Qxe5+ 46. Kh1 Qxc7 47. gxf3
Qxb7 48. Qxg6+ Bg7 49. Qxe6+ Kh8 50. Qxf5 Qb2 51. Qh5+ Kg8 52. Qxh4 Be5 53. Qg4+
Kh8 54. Qh5+ Kg8 55. Qg5+ Kh8 56. Qh6+ Kg8 57. Qe6+ Kh8 58. Qh6+ Kg8 59. Qg5+
Kh8 60. Qh4+ Kg8 61. Qg4+ Kf7 62. Qd7+ Kf6 63. Qd8+ Kf5 64. Qf8+ Ke6 65. Qe8+
Kd5 66. Qd7+ Kc5 67. Qe7+ Kc4 68. Qe6+ Kd3 69. Qd5+ Ke2 70. Qc4+ Ke1 71. Qe4+
Kf1 72. f4 Qd4 73. Qf3+ 1-0

[Event "Titled Tue 17th Jun Early"]
[Site "chess.com INT"]
[Date "2025.06.17"]
[Round "1"]
[White "Asish Panda"]
[Black "Berikkyzy Alanna"]
[Result "1-0"]
[BlackTitle "WFM"]
[WhiteElo "1911"]
[BlackElo "2080"]
[WhiteFideId "45012458"]
[BlackFideId "13780719"]
[EventDate "2025.06.17"]

1. e4 g6 2. g3 Bg7 3. Bg2 d6 4. Ne2 e5 5. O-O Ne7 6. c3 O-O 7. d4 exd4 8. cxd4
d5 9. exd5 Nxd5 10. Nbc3 Nxc3 11. bxc3 c6 12. Re1 Be6 13. Nf4 Bc4 14. Qa4 b5 15.
Qc2 Na6 16. Ba3 Re8 17. Bxc6 Rxe1+ 18. Rxe1 Rb8 19. Re8+ Qxe8 20. Bxe8 Rxe8 21.
Qd2 g5 22. Nd3 h6 23. Bd6 Re6 24. Ba3 Nc7 25. f4 Nd5 26. fxg5 hxg5 27. Qxg5 Bxd3
28. Qxd5 Re1+ 29. Kf2 Re2+ 30. Kf3 Rxh2 31. Qd8+ Kh7 32. Bd6 Be2+ 33. Ke3 Bh6+
34. Bf4 Bxf4+ 35. Kxf4 Bh5 36. d5 Rf2+ 37. Ke3 Rxa2 38. d6 Ra1 39. d7 Rd1 40.
Qe7 Re1+ 41. Kf4 Rxe7 42. d8=Q Re6 43. g4 Bg6 44. g5 Re4+ 45. Kf3 Rc4 46. Qf6 a5
47. Ke3 a4 48. Kd2 a3 49. Qa6 Ra4 50. Qc6 a2 51. Qh1+ Kg7 52. Qa1 Bb1 53. c4+
Kg6 54. cxb5 Kxg5 55. b6 Rb4 56. Qe5+ Kg6 57. Qd6+ Kg7 58. Qxb4 a1=Q 59. b7 Qa2+
60. Ke3 Qe6+ 61. Kd2 Qd5+ 62. Kc1 Qc6+ 63. Kb2 Qg2+ 64. Kc3 Qf3+ 65. Kd4 Qf4+
66. Kc5 Qc7+ 67. Kd4 Qb8 68. Qb6 Qf4+ 69. Kc3 Qg3+ 70. Kb2 Qh2+ 71. Kxb1 Qb8 72.
Kb2 Qh2+ 73. Kb3 Qb8 74. Kb4 Qf4+ 75. Ka5 Qb8 76. Ka6 f6 77. Qc6 1-0

[Event "Titled Tue 17th Jun Early"]
[Site "chess.com INT"]
[Date "2025.06.17"]
[Round "1"]
[White "Bratovic, Blaz"]
[Black "Paravyan, David"]
[Result "0-1"]
[WhiteTitle "IM"]
[BlackTitle "GM"]
[WhiteElo "2319"]
[BlackElo "2589"]
[WhiteFideId "14603551"]
[BlackFideId "4194985"]
[EventDate "2025.06.17"]

1. e4 e5 2. Nf3 Nf6 3. Nxe5 d6 4. Nf3 Nxe4 5. d4 d5 6. Bd3 Bd6 7. O-O O-O 8.
Nbd2 Bf5 9. Re1 Re8 10. Bf1 Nd7 11. h3 c6 12. c3 h6 13. Nxe4 Bxe4 14. Be3 Nf6
15. Bd3 Qc7 16. Bxe4 Rxe4 17. Nd2 Re6 18. Qf3 Rae8 19. Re2 Ne4 20. Nxe4 Rxe4 21.
Rae1 Qe7 22. Kf1 Qe6 23. Bd2 f5 24. Re3 Qg6 25. Rxe4 dxe4 26. Qe2 Kh7 27. a3 h5
28. c4 f4 29. Bb4 f3 30. gxf3 Bh2 31. Qc2 Qg1+ 32. Ke2 Qg2 33. Kd1 Qxf3+ 34. Kc1
Bf4+ 35. Kb1 g6 36. d5 Qxh3 37. d6 Qf5 38. c5 Re5 39. Rd1 Rd5 40. Rxd5 Qxd5 41.
b3 h4 42. Bc3 h3 43. Qe2 h2 44. Qe1 Qd3+ 45. Kb2 Bg5 46. Qh1 Qh3 47. d7 Bd8 48.
Be5 Kg8 49. Qxh2 Qxh2 50. Bxh2 Kf7 51. Kc3 Bf6+ 52. Kc4 Ke6 53. Bf4 Kxd7 54. Be3
Ke6 55. b4 a6 56. a4 g5 57. b5 axb5+ 58. axb5 g4 59. bxc6 bxc6 60. Bf4 Kf5 61.
Be3 Bg5 62. Bd4 Bf4 63. Kb4 Ke6 64. Kc4 Bg5 65. Bc3 Bh4 66. Bd4 Bg5 67. Bc3 e3
68. fxe3 Bxe3 69. Be1 Ke5 70. Bb4 Ke4 71. Be1 Bf4 72. Bh4 g3 73. Bxg3 Bxg3 74.
Kb4 Kd5 75. Ka5 Kxc5 76. Ka6 Kb4 77. Kb6 c5 0-1

[Event "Titled Tue 17th Jun Early"]
[Site "chess.com INT"]
[Date "2025.06.17"]
[Round "1"]
[White "Abraham, John Z"]
[Black "Zhigalko, Sergei"]
[Result "0-1"]
[BlackTitle "GM"]
[WhiteElo "2108"]
[BlackElo "2572"]
[WhiteFideId "30987318"]
[BlackFideId "13502956"]
[EventDate "2025.06.17"]

1. d4 Nf6 2. c4 e6 3. g3 c5 4. d5 exd5 5. cxd5 d6 6. Nc3 g6 7. Bg2 Bg7 8. Nf3
O-O 9. O-O Re8 10. Bf4 a6 11. a4 Nh5 12. Bg5 Qc7 13. Re1 Nd7 14. a5 h6 15. Bd2
Rb8 16. Qc1 Kh7 17. g4 Nhf6 18. g5 hxg5 19. Nxg5+ Kg8 20. Bf4 Nh5 21. Bf3 Ndf6
22. Nce4 Nxe4 23. Nxe4 Nxf4 24. Qxf4 Bf5 25. Qxd6 Qe7 26. Qxe7 Rxe7 27. Nxc5
Bxb2 28. Ra2 Bd4 29. d6 Re5 30. Nxb7 Rb5 31. Rd1 Bf6 32. d7 Bd8 33. Nxd8 Rxd8
34. e4 Be6 35. Ra3 Rxd7 36. Rxd7 Bxd7 37. Be2 Rg5+ 38. Kf1 Bb5 39. Bxb5 Rxb5 40.
Ke2 Kg7 41. Ra2 Kf6 42. Ke3 g5 43. Kd4 Ke6 44. Ra3 f6 45. Ke3 Ke5 46. h3 Rb4 47.
f3 Rb5 48. h4 gxh4 49. f4+ Ke6 50. Ra1 Rb3+ 51. Kd4 Rb4+ 52. Kd3 h3 53. Rc1 Ra4
54. Rc6+ Kf7 55. Rc7+ Kg8 56. Rc1 Rxa5 57. Rh1 Ra2 58. Kd4 Ra3 59. Kd5 Kf7 60.
e5 a5 61. Kd6 fxe5 62. fxe5 Rd3+ 63. Kc5 Ke6 64. Kc4 Rg3 65. Kd4 a4 66. Ke4 a3
67. Kf4 Rb3 68. Kg4 a2 69. Ra1 h2 70. Rf1 Rb1 71. Rf6+ Kxe5 72. Rf8 h1=Q 73.
Re8+ Kd6 74. Rd8+ Ke7 75. Rd3 Qe4+ 0-1

[Event "Titled Tue 17th Jun Early"]
[Site "chess.com INT"]
[Date "2025.06.17"]
[Round "1"]
[White "Veleshnja, Zino"]
[Black "Kravtsiv, Martyn"]
[Result "1-0"]
[WhiteTitle "FM"]
[BlackTitle "GM"]
[WhiteElo "2245"]
[BlackElo "2598"]
[WhiteFideId "4701313"]
[BlackFideId "14113147"]
[EventDate "2025.06.17"]

1. d4 d5 2. Nc3 Nf6 3. Bf4 e6 4. Nb5 Na6 5. e3 Be7 6. Nf3 O-O 7. Bd3 Ne4 8. O-O
f5 9. a3 Bd7 10. c4 Be8 11. Rc1 c6 12. Nc3 Bh5 13. Qb3 Bxf3 14. gxf3 Nxc3 15.
bxc3 Qd7 16. cxd5 exd5 17. c4 Rf7 18. cxd5 cxd5 19. Bb5 Qe6 20. Be5 Rd8 21. Kh1
Bd6 22. f4 Nc7 23. Bd3 Ne8 24. Rg1 Nf6 25. Bxf6 Rxf6 26. Qxb7 Rf7 27. Qb1 Bxa3
28. Rc3 Bf8 29. Qc2 g6 30. Rc6 Rd6 31. Rc8 Kg7 32. Rb1 a5 33. Ra1 Ra7 34. Qc5
Rb7 35. Rxa5 Rd8 36. Rc7+ Kh6 37. Qc1 Rxc7 38. Qxc7 Rc8 39. Qe5 Qb6 40. Ra1 Qb2
41. Rf1 Qd2 42. Ba6 Rc6 43. Qe8 Rxa6 44. Qxf8+ Kh5 45. Qe7 Kh6 46. Qg5+ Kg7 47.
h4 Qd3 48. Rg1 Qe4+ 49. Rg2 Ra7 50. Kh2 Qf3 51. Qd8 Rf7 52. Qd6 Qe4 53. Qe5+
Qxe5 54. fxe5 f4 55. Kh3 fxe3 56. fxe3 Rf3+ 57. Rg3 Rf2 58. Kg4 h5+ 59. Kh3 Kf7
60. e6+ Kf6 61. e7 Kxe7 62. Rxg6 Rf3+ 63. Rg3 Rf2 64. Rg5 Rf3+ 65. Kg2 Rxe3 66.
Rxh5 Re4 67. Rxd5 Rxh4 68. Kf3 Rh3+ 69. Ke4 Rh4+ 70. Kd3 Ke6 71. Re5+ Kd6 72.
Kc4 Rh8 73. Rg5 Rc8+ 74. Kd3 Rc1 75. Rg6+ Kd7 76. Rg5 Rd1+ 77. Kc4 Rf1 78. Kd5
Rf7 79. Rg6 Rh7 80. Kc5 Rh5+ 81. d5 Rh7 82. Ra6 Rh1 83. Ra7+ Kd8 84. Kc6 Rc1+
85. Kd6 1-0

[Event "Titled Tue 17th Jun Early"]
[Site "chess.com INT"]
[Date "2025.06.17"]
[Round "1"]
[White "Sindarov, Islombek"]
[Black "Matveeva, Olga"]
[Result "1-0"]
[WhiteTitle "CM"]
[BlackTitle "WIM"]
[WhiteElo "2129"]
[BlackElo "2177"]
[WhiteFideId "14205475"]
[BlackFideId "24107018"]
[EventDate "2025.06.17"]

1. c4 e6 2. Nc3 d5 3. cxd5 exd5 4. d4 Nf6 5. g3 Be7 6. Bg2 c6 7. Nf3 O-O 8. O-O
Bf5 9. a3 a5 10. Bf4 Nbd7 11. Qb3 Qb6 12. Qxb6 Nxb6 13. Ne5 Rfe8 14. Bf3 h6 15.
h4 Ne4 16. Bxe4 Bxe4 17. Nd3 Nc4 18. Nxe4 dxe4 19. Nc5 Bxc5 20. dxc5 e3 21. b3
Nd2 22. Bxe3 Nxf1 23. Rxf1 Rad8 24. Rb1 Rd7 25. Kg2 f5 26. Kf3 Kf7 27. Bf4 Kf6
28. Bd6 b5 29. h5 Re4 30. a4 bxa4 31. bxa4 Rb4 32. Ra1 Rb3+ 33. Kg2 Rdb7 34. f4
Ke6 35. Be5 Re3 36. Kf2 Re4 37. Rd1 Rxa4 38. Rd6+ Kf7 39. Rg6 Kg8 40. Rxc6 Rc4
41. Rc8+ Kf7 42. c6 Re7 43. c7 a4 44. Ra8 Rxe5 45. fxe5 Rxc7 46. Rxa4 Ke6 47.
Ra5 Rb7 48. Kf3 Rb3+ 49. e3 Rb7 50. Kf4 Rb4+ 51. Kf3 Rb7 52. Rc5 Ra7 53. Rb5 Rc7
54. e4 Rc3+ 55. Kf4 fxe4 56. Rb6+ Ke7 57. Rb7+ Kf8 58. Kxe4 Rxg3 59. Kf5 Ra3 60.
Rb8+ Ke7 61. Rb7+ Kf8 62. Kg6 Ra6+ 63. Kh7 Re6 64. Rb8+ Kf7 65. Rb7+ Kf8 66. Rb5
Kf7 67. Ra5 Kf8 68. Ra8+ Kf7 69. Ra7+ Kf8 70. Ra8+ Kf7 71. Ra5 Kf8 72. Rd5 Kf7
73. Rd7+ Kf8 74. Rxg7 Rxe5 75. Rg8+ Kf7 76. Rg7+ Kf8 77. Kxh6 Re6+ 78. Kh7 Re1
79. h6 Rh1 80. Rg3 Rh2 81. Rf3+ Ke7 82. Rf5 Rg2 83. Re5+ Kf7 84. Re1 Rg3 85. Ra1
Rg2 86. Ra7+ Kf8 87. Rg7 Rh2 88. Rg6 Rh1 89. Kh8 Rh2 90. h7 Rh1 91. Rf6+ Ke7 92.
Rf4 Rg1 93. Rf5 Rg2 94. Ra5 Rg1 95. Ra8 Kf7 96. Rg8 Rh1 97. Rg5 Rh2 98. Rf5+ Ke7
99. Rg5 Kf7 100. Rf5+ Ke7 101. Kg7 Rg2+ 102. Kh6 Rh2+ 103. Rh5 1-0

[Event "Titled Tue 17th Jun Early"]
[Site "chess.com INT"]
[Date "2025.06.17"]
[Round "1"]
[White "Mayank, Chakraborty"]
[Black "Bodrogi, Bendeguz"]
[Result "1/2-1/2"]
[WhiteTitle "IM"]
[BlackTitle "FM"]
[WhiteElo "2457"]
[BlackElo "2481"]
[WhiteFideId "25659766"]
[BlackFideId "790303"]
[EventDate "2025.06.17"]

1. d4 d5 2. c4 e6 3. Nf3 a6 4. cxd5 exd5 5. Nc3 h6 6. Bf4 Nf6 7. e3 Bd6 8. Be5
c6 9. Bd3 O-O 10. h3 Re8 11. O-O Bxe5 12. Nxe5 c5 13. Rc1 Qd6 14. Bb1 cxd4 15.
exd4 Bd7 16. Qf3 Nc6 17. Nxd5 Qxd5 18. Qxd5 Nxd5 19. Nxd7 Nxd4 20. Rcd1 Nf4 21.
Kh2 Nfe2 22. Nc5 b6 23. Ne4 Rad8 24. Rfe1 f5 25. Nc3 Nxc3 26. bxc3 Rxe1 27. Rxe1
Nb5 28. Bxf5 Nxc3 29. Re7 Kf8 30. Ra7 a5 31. a3 Rd6 32. Rb7 Nb5 33. a4 Nc3 34.
Bc2 Ne2 35. Bb3 Nd4 36. Bc4 Rf6 37. f3 Nf5 38. Bd5 h5 39. Be4 Nd6 40. Rxb6 Nxe4
41. Rb8+ Kf7 42. fxe4 Re6 43. Rb5 Rxe4 44. Rxa5 h4 45. Ra6 Re1 46. Rc6 Ra1 47.
Rc4 g5 48. Rb4 Kg6 49. Rc4 Kh6 50. Rc6+ Kh5 51. Ra6 Rb1 52. a5 Ra1 53. Ra8 Kg6
54. a6 Kg7 55. Ra7+ Kg6 56. Ra8 Kg7 57. a7 Kh7 58. g4 hxg3+ 59. Kxg3 g4 60. hxg4
Ra4 61. Kf3 Kg7 62. Ke3 Kh7 63. Kd3 Kg7 64. Kc3 Ra6 65. Kb4 Ra1 66. g5 Rb1+ 67.
Kc4 Ra1 68. Kd5 Ra5+ 69. Kc6 Ra1 70. Kd7 Rd1+ 71. Ke7 Re1+ 72. Kd6 Rd1+ 73. Ke6
Re1+ 74. Kf5 Rf1+ 75. Kg4 Rg1+ 76. Kh3 Rh1+ 77. Kg2 Ra1 78. g6 Ra2+ 79. Kg3 Ra3+
80. Kf4 Ra4+ 81. Ke5 Ra5+ 82. Kd6 Ra1 83. Ke6 Re1+ 84. Kd5 Rd1+ 85. Kc5 Rc1+ 86.
Kb5 Rb1+ 87. Kc4 Rc1+ 88. Kb3 Ra1 89. Kc4 Rc1+ 90. Kd3 Ra1 91. Re8 Rxa7 92. Re6
Ra1 93. Rb6 Rg1 94. Ke4 Rxg6 95. Rb7+ Kh6 96. Kf5 Ra6 97. Rb4 Ra5+ 98. Kf6 Ra6+
99. Ke7 Ra7+ 100. Kd6 Ra6+ 101. Kc5 Kg5 102. Kb5 Re6 103. Rd4 Kf5 104. Rd1 Re2 1/2-1/2

[Event "Titled Tue 17th Jun Early"]
[Site "chess.com INT"]
[Date "2025.06.17"]
[Round "1"]
[White "Fiskaaen, Martin Holten"]
[Black "Adewumi, Tanitoluwa"]
[Result "1/2-1/2"]
[WhiteTitle "FM"]
[BlackTitle "FM"]
[WhiteElo "2292"]
[BlackElo "2362"]
[WhiteFideId "1550233"]
[BlackFideId "30966396"]
[EventDate "2025.06.17"]

1. Nf3 a6 2. e4 b5 3. d4 Bb7 4. Bd3 g6 5. O-O Bg7 6. Re1 d6 7. h3 Nd7 8. c3 e6
9. Be3 Ne7 10. Nbd2 h6 11. Nf1 O-O 12. Qc1 Kh7 13. Ng3 c5 14. h4 Rc8 15. Qd2 Nf6
16. h5 Ng4 17. hxg6+ fxg6 18. dxc5 dxc5 19. Rad1 Qc7 20. Bc2 Rcd8 21. Qe2 Nxe3
22. Qxe3 c4 23. Nd4 Qb6 24. e5 Nd5 25. Qe4 Nf4 26. Qe3 Nxg2 27. Qe2 Nf4 28. Qg4
Qc5 29. Nxe6 Nh3+ 30. Kh2 Qxf2+ 31. Kxh3 Qg2+ 32. Kh4 Qh2+ 33. Qh3 Qxh3+ 34.
Kxh3 Bc8 35. Bf5 gxf5 36. Nxd8 f4+ 37. e6 fxg3 38. Kxg3 Bf6 39. e7 Rg8+ 40. Kh2
Re8 41. Nc6 Bb7 42. Na5 Bf3 43. Rd8 Rxd8 44. exd8=Q Bxd8 45. b4 cxb3 46. Nxb3
Bc7+ 47. Kh3 Bd6 48. Re6 Ba3 49. Rxa6 Bc1 50. Nd4 Be4 51. Ra7+ Kg6 52. Nxb5 Bf5+
53. Kg3 Bd2 54. Nd4 Be1+ 55. Kg2 Be4+ 56. Kf1 Bxc3 57. Ra6+ Kg5 58. Ne2 Be5 59.
Ra5 Kf5 60. Ng3+ Kf4 61. Nxe4 Kxe4 62. Ra4+ Bd4 63. Ke2 h5 64. Ra5 h4 65. Rh5
Bf6 66. a4 Kd4 67. a5 Bd8 68. a6 Bb6 69. Rxh4+ Kc5 70. Rh6 Kb5 71. Kd3 Kxa6 72.
Ke4 Kb5 73. Kd5 Ba5 74. Rc6 Bb4 75. Rc4 Ba5 76. Rc1 Bd8 77. Rb1+ Ka6 78. Kc6 Ka7
79. Rb7+ Ka8 80. Rd7 Ba5 81. Kb5 Be1 82. Ka6 Bg3 83. Rf7 Bb8 84. Rd7 Bh2 85.
Ra7+ Kb8 86. Rh7 Bg3 87. Kb5 Ka8 88. Kc6 Bb8 89. Rd7 Ba7 90. Rd5 Bb8 91. Rb5 Ba7
92. Ra5 Kb8 93. Ra2 Ka8 94. Rg2 Bb8 95. Rg7 Ba7 96. Rg8+ Bb8 97. Kb5 Kb7 98.
Rg7+ Ka8 99. Kc5 Ba7+ 100. Kd5 Bb8 101. Kc6 Ba7 102. Rg2 Bb8 103. Rb2 Ba7 104.
Rb7 Bb8 105. Rb6 Ba7 106. Ra6 Kb8 107. Ra5 Ka8 108. Rf5 Bb8 109. Kb5 Bh2 110.
Rh5 Bb8 111. Kb6 Ba7+ 112. Ka6 Bb8 113. Rh7 Be5 114. Ra7+ Kb8 115. Re7 Bf4 116.
Kb6 Ka8 117. Rf7 Bb8 118. Rb7 Bh2 119. Rg7 Bb8 120. Rg6 Be5 121. Kb5 Bb8 1/2-1/2

[Event "Titled Tue 17th Jun Early"]
[Site "chess.com INT"]
[Date "2025.06.17"]
[Round "2"]
[White "Barrientos, Ernesto"]
[Black "Ebrahimi Herab, Hamidreza"]
[Result "0-1"]
[WhiteTitle "CM"]
[BlackTitle "FM"]
[WhiteElo "2027"]
[BlackElo "2404"]
[WhiteFideId "3701247"]
[BlackFideId "22512888"]
[EventDate "2025.06.17"]

1. e4 c5 2. Nf3 e6 3. d4 cxd4 4. Nxd4 Nf6 5. f3 Nc6 6. c4 d5 7. cxd5 exd5 8.
Nxc6 bxc6 9. exd5 Nxd5 10. Bc4 Qh4+ 11. g3 Qxc4 12. Kf2 Bh3 13. Rf1 Bc5+ 0-1

[Event "Titled Tue 17th Jun Early"]
[Site "chess.com INT"]
[Date "2025.06.17"]
[Round "2"]
[White "Wartiovaara, Oliver"]
[Black "Durarbayli, Vasif"]
[Result "0-1"]
[WhiteTitle "FM"]
[BlackTitle "GM"]
[WhiteElo "2323"]
[BlackElo "2612"]
[WhiteFideId "513024"]
[BlackFideId "13402935"]
[EventDate "2025.06.17"]

1. e4 c5 2. Nc3 Nc6 3. Nf3 g6 4. d4 cxd4 5. Nxd4 Bg7 6. Nxc6 bxc6 7. Bc4 d6 8.
O-O Qa5 9. Bd2 Qc5 10. Bb3 Nf6 11. h3 O-O 12. Qe2 a5 13. a4 Ba6 0-1

[Event "Titled Tue 17th Jun Early"]
[Site "chess.com INT"]
[Date "2025.06.17"]
[Round "2"]
[White "Yelisieiev, Yevhenii"]
[Black "Lima, Artur Tin Lun Dai"]
[Result "1-0"]
[WhiteTitle "IM"]
[WhiteElo "2412"]
[BlackElo "1946"]
[WhiteFideId "14139642"]
[BlackFideId "22773150"]
[EventDate "2025.06.17"]

1. d4 Nf6 2. Nf3 g6 3. g3 Bg7 4. Bg2 O-O 5. O-O d6 6. b3 c5 7. Bb2 cxd4 8. Nxd4
d5 9. c4 dxc4 10. bxc4 a6 11. Nc3 Qc7 12. Rc1 Nc6 13. Nd5 Qd6 14. Nxc6 bxc6 15.
Nxf6+ Bxf6 16. Qxd6 1-0

[Event "Titled Tue 17th Jun Early"]
[Site "chess.com INT"]
[Date "2025.06.17"]
[Round "2"]
[White "Mindlin, Alon"]
[Black "Firouzja, Alireza"]
[Result "0-1"]
[WhiteTitle "IM"]
[BlackTitle "GM"]
[WhiteElo "2451"]
[BlackElo "2766"]
[WhiteFideId "2800071"]
[BlackFideId "12573981"]
[EventDate "2025.06.17"]

1. d4 Nf6 2. c4 g6 3. Nc3 Bg7 4. e4 d6 5. f3 O-O 6. Be3 a6 7. Qd2 c5 8. Nge2 Nc6
9. d5 Na5 10. Nf4 b5 11. h4 Nd7 12. cxb5 axb5 13. Bxb5 Nb3 14. Qd1 Nxa1 15. Qxa1
Qa5 16. Bc6 Rb8 17. Bxd7 Bxd7 18. O-O Rb7 19. Rc1 Rfb8 20. b3 c4 21. bxc4 Rb2 0-1

[Event "Titled Tue 17th Jun Early"]
[Site "chess.com INT"]
[Date "2025.06.17"]
[Round "2"]
[White "Garcia, Jhoel"]
[Black "Sickmann, Lisa"]
[Result "1-0"]
[WhiteTitle "IM"]
[BlackTitle "WFM"]
[WhiteElo "2293"]
[BlackElo "1974"]
[WhiteFideId "3801110"]
[BlackFideId "16267818"]
[EventDate "2025.06.17"]

1. e4 c6 2. d4 d5 3. exd5 cxd5 4. Bd3 Nf6 5. c3 e6 6. Bf4 Nc6 7. Nf3 Bd6 8. Bxd6
Qxd6 9. O-O O-O 10. Nbd2 a6 11. Qe2 b5 12. Ne5 Bb7 13. f4 b4 14. g4 bxc3 15.
bxc3 Qa3 16. Rf3 Qxc3 17. Bxh7+ Nxh7 18. Rxc3 Nxd4 19. Qd3 Nb5 20. Rc2 d4 21. g5
Rac8 22. Rac1 Rc3 23. Rxc3 dxc3 24. Rxc3 Nxc3 25. Qxc3 Rc8 26. Qb4 Bd5 27. Qe7
f6 28. Qf7+ Kh8 29. Ng6# 1-0